Southern Africa: The Politics of Detente (Record no. 2917)
[ view plain ]
| 000 -LEADER | |
|---|---|
| fixed length control field | 00343nam a22001337a 4500 |
| 008 - FIXED-LENGTH DATA ELEMENTS--GENERAL INFORMATION | |
| fixed length control field | 250408b |||||||| |||| 00| 0 eng d |
| 020 ## - INTERNATIONAL STANDARD BOOK NUMBER | |
| ISBN | 9782458570 |
| 100 ## - MAIN ENTRY--AUTHOR | |
| Author | AJALA Adekunle |
| 245 ## - TITLE STATEMENT | |
| Title | Southern Africa: The Politics of Detente |
| 260 ## - PUBLICATION, DISTRIBUTION, ETC. (IMPRINT) | |
| Place of publication | Nigeria |
| Name of publisher | Vantage Publishers |
| Date of publication | 1989 |
| 300 ## - COLLATION | |
| Pagination | xi, 251p. |
| 942 ## - ADDED ENTRY ELEMENTS (KOHA) | |
| Item type | Books |
| 050 ## - LIBRARY OF CONGRESS CALL NUMBER | |
| Classification number | JF60 |
| Item number | .A33 |
| Source of classification or shelving scheme | Not for loan | Permanent location | Current location | Date acquired | Accession No. | Full call number | Barcode. | Koha item type |
|---|---|---|---|---|---|---|---|---|
| Library of Congress Classification | Samuel Ogbemudia Main Library, University of Abuja | Samuel Ogbemudia Main Library, University of Abuja | 04/08/2025 | 2004/25998 | JF60.A33 | 2025-1262 | Books |